1544 1361 1497 1627 1126 1200 1636 1503 1016 1067 1042 1444 1328 1779 1536 1646 1734 1589 1208 1168 1587 1088 1239 1025 1717 1392 1694 1764 1694 1359 1821 1308 1011 1785 1113 1554 1321 1923 1234 1816 1041 1709 1043 1758 1015 1966 1121 1391 1171 1352 1129 1985 1549 1010 1856 1733 1034 1633 1916 1816 1507 1767 1055 1761 1335 1510 1018 1915 1402 1350 1753 1155 1525 1865 1178 1371 1462 1313 1297 1744 1186 1096 1749 1772 1937 1408 1204 1476 1351 1169 1021 1214 1679 1000 1601 1607 1998 1993 1714 BCNSPRNW ULIB Ver.6.0+V

เปลี่ยนเป็นภาษาไทย

Change to English
 แสดงรายละเอียดบรรณานุกรม
  กลับหน้าหลัก

Brief Record : Get Marc (ISO 2709) : E-mail record : QR code < ปิดหน้าต่าง
LEADER : 00000nam 2200000uu 4500
001    13399108861
003     ULIB
008    110315s2543||||th 000 0 tha d
020    9743468811
060 04 W85^bอ639พ 2543
100 0  อาภา ศิริวงศ์ ณ อยุธยา
245 10 พฤติกรรมสุขภาพเมื่อเจ็บป่วยของประชาชนในภาวะวิกฤตเศรษฐกิจ :^bการศึกษาในจังหวัดพิษณุโลกและจังหวัดศรีสะเกษ /^cนักวิจัยอาภา ศิริวงศ์ ณ อยุธยา, กอบกุล สามัคคี
246 14 พฤติกรรมสุขภาพเมื่อเจ็บป่วยในภาวะวิกฤตเศรษฐกิจ
260    กรุงเทพฯ :^bสถาบันวิจัยสังคม จุฬาลงกรณ์มหาวิทยาลัย,^c2543
300    ก-จ, 152 หน้า :^bภาพประกอบ ;^c30 ซม.
500    ชื่อเรื่องบนปก :พฤติกรรมสุขภาพเมื่อเจ็บป่วยในภาวะวิกฤตเศรษฐกิจ
650  7 พฤติกรรมสุขภาพ
650  7 สุขภาพและอนามัย^xภาวะเศรษฐกิจ
700 0  กอบกุล สามัคคี
710 2  จุฬาลงกรณ์มหาวิทยาลัย. ^bสถาบันวิจัยสังคม
945    ^p0^l0^i014364
995    ทศพร
999 ^a ใช้งานได้ทุกระบบ
รายการนี้ยังไม่มีแท็ก
คุณยังไม่ได้ล็อกอิน คุณสามารถมีกิจกรรมร่วมกับเว็บไซต์ได้ แต่ต้องล็อกอินก่อน ::
  ล็อกอิน

รายการสื่อสารสนเทศ

ลำดับที่ ประเภท เลขเรียก/บาร์โค้ด สถานที่ สถานะ
- ไม่พบข้อมูล -

รายการใกล้เคียง
    หัวเรื่อง [พฤติกรรมสุขภาพ]

BibComment


ยังไม่เคยถูกคอมเมนท์

คอมเมนท์ทรัพยากรรายการนี้
  คอมเมนท์: พฤติกรรมสุขภาพเมื..


 Copyright 2026. Bcnsprnw @Library